Digital Computer Electronics (Record no. 797)
[ view plain ]
| 000 -LEADER | |
|---|---|
| Fixed length control field | 00521nam a2200181 4500 |
| 003 - CONTROL NUMBER IDENTIFIER | |
| Control field | SEACOMMC |
| 005 - DATE AND TIME OF LATEST TRANSACTION | |
| Control field | 20250425135416.0 |
| 008 - FIXED-LENGTH DATA ELEMENTS--GENERAL INFORMATION | |
| Fixed length control field | 241127b |||||||| |||| 00| 0 eng d |
| 020 ## - INTERNATIONAL STANDARD BOOK NUMBER / ISBN | |
| International Standard Book Number | 978-0-07-462235-3 |
| Price | Rs.315.00 |
| 040 ## - CATALOGING SOURCE | |
| Original cataloging agency | SEACOMMC |
| 082 ## - DEWEY DECIMAL CLASSIFICATION NUMBER | |
| Classification number | 621.381958 |
| Book Number | M 27 |
| 100 ## - MAIN ENTRY--PERSONAL NAME | |
| Personal name | Malvino, Albert Paul |
| 245 1# - TITLE STATEMENT | |
| Title | Digital Computer Electronics |
| Statement of responsibility | Albert Paul Malvino[ and] Jerald A. Brown |
| 250 ## - EDITION STATEMENT | |
| Edition statement | 3rd ed. |
| 260 ## - IMPRINT | |
| Place of publication | New Delhi |
| Name of publisher | Tata Mc Graw Hill |
| Date of publication | 1995 |
| 650 ## - SUBJECT ADDED ENTRY--TOPICAL TERM | |
| Topical term | Digital Computers |
| 942 ## - ADDED ENTRY ELEMENTS (KOHA) | |
| Koha item type | Books |
| Withdrawn status | Lost status | Source of classification | Damaged status | Not for loan | Home library | Current library | Shelving location | Date acquired | Total Checkouts | Call number | Accession number | Date last seen | Price effective from | Koha item type | Copy number |
|---|---|---|---|---|---|---|---|---|---|---|---|---|---|---|---|
| Dewey Decimal Classification | SEACOM MANAGEMENT COLLEGE | SEACOM MANAGEMENT COLLEGE | Reference | 23/11/2007 | 621.381958 M 27 | M-1027 | 27/11/2024 | 27/11/2024 | Books | ||||||
| Dewey Decimal Classification | SEACOM MANAGEMENT COLLEGE | SEACOM MANAGEMENT COLLEGE | 23/11/2007 | 621.381958 M 27 | M-1028 | 27/11/2024 | 27/11/2024 | Books | 1 | ||||||
| Dewey Decimal Classification | SEACOM MANAGEMENT COLLEGE | SEACOM MANAGEMENT COLLEGE | 23/11/2007 | 621.381958 M 27 | M-1029 | 27/11/2024 | 27/11/2024 | Books | 2 | ||||||
| Dewey Decimal Classification | SEACOM MANAGEMENT COLLEGE | SEACOM MANAGEMENT COLLEGE | 23/11/2007 | 621.381958 M 27 | M-1030 | 27/11/2024 | 27/11/2024 | Books | 3 |
